Financial management/ (Record no. 57)

MARC details
000 -LEADER
fixed length control field 00497nam a2200181Ia 4500
003 - CONTROL NUMBER IDENTIFIER
control field OSt
005 - DATE AND TIME OF LATEST TRANSACTION
control field 20241125190544.0
008 - FIXED-LENGTH DATA ELEMENTS--GENERAL INFORMATION
fixed length control field 221012s9999||||xx |||||||||||||| ||und||
020 ## - INTERNATIONAL STANDARD BOOK NUMBER
International Standard Book Number 9788125937142
040 ## - CATALOGING SOURCE
Transcribing agency Chuka University Library
050 ## - LIBRARY OF CONGRESS CALL NUMBER
Classification number HG 4026
Item number .P36 2010
100 ## - MAIN ENTRY--PERSONAL NAME
Personal name Pandey, I. M,
9 (RLIN) 110
245 #0 - TITLE STATEMENT
Title Financial management/
Statement of responsibility, etc. I. M. Pandey
250 ## - EDITION STATEMENT
Edition statement 10th edition
260 ## - PUBLICATION, DISTRIBUTION, ETC.
Place of publication, distribution, etc. New Delhi:
Name of publisher, distributor, etc. Vikas Publishing House,
Date of publication, distribution, etc. 2010.
650 ## - SUBJECT ADDED ENTRY--TOPICAL TERM
Topical term or geographic name entry element Financial management
9 (RLIN) 111
942 ## - ADDED ENTRY ELEMENTS (KOHA)
Koha item type Long Loan Books
Source of classification or shelving scheme Library of Congress Classification
Koha issues (borrowed), all copies 2
Holdings
Withdrawn status Lost status Source of classification or shelving scheme Damaged status Not for loan Collection Home library Current library Shelving location Date acquired Total Checkouts Full call number Barcode Date last seen Price effective from Koha item type Date last checked out Copy number
    Library of Congress Classification       Main Campus Library Chogoria Campus Library   11/05/2023   HG 4026 .P36 2010 9809/2013 29/09/2023 11/05/2023 Long Loan Books   3
    Library of Congress Classification     General Collection Books Main Campus Library Main Campus Library Business Studies Library 12/10/2022   BSL HG 4026 .P36 2010 9803/2013 12/10/2022 12/10/2022 Long Loan Books    
          General Collection Books Main Campus Library Main Campus Library General Stacks 04/01/2023   BSL HG 4026 .P36 2010 9807/2013 04/01/2023 04/01/2023 Long Loan Books    
          General Collection Books Main Campus Library Main Campus Library Business Studies Library 04/01/2023 1 BSL HG 4026 .P36 2010 9808/2013 02/04/2024 04/01/2023 Long Loan Books 13/03/2024  
          General Collection Books Main Campus Library Main Campus Library General Stacks 05/01/2023   HG 4026 .P36 2010 9804/2013 05/01/2023 05/01/2023 Long Loan Books    
    Library of Congress Classification     Short Loan Collection Main Campus Library Main Campus Library Business Studies Library 23/02/2023 1 HG 4026 .P36 2010 14675/2018 10/12/2024 23/02/2023 Long Loan Books 25/11/2024 2
    Library of Congress Classification     Short Loan Collection Main Campus Library Main Campus Library Business Studies Library 23/02/2023   HG 4026 .P36 2010 9810/2013 23/02/2023 23/02/2023 Long Loan Books   5

Powered by Koha